=LDR 00000nam 2200000 4500 =001 INLIS000000000034830 =005 20140621141337.0 =006 =007 =008 ind =035 ##$$0010-061300000034830 =041 ##$$a ind =082 ##$$a 813 =090 ##$$a 813, Khu l =100 ##$$a Khuli, Hadi S =245 ##$$a Lafazh-Lafazh cinta novel spritual dari orang -orang prastitusi, Hadi S Khuli;Editor, Muhaimin Azzet =260 ##$$a 2008 $b Yogyakarta =300 ##$$a 442 hlm, 20 cm =650 ##$$a Fiksi Indonesia =700 ##$$a Azzet, muhaimin =850 ##$$a NBPNMAT =990 ##$$a 0001/BPAP-NTB/20142014 =990 ##$$a 0001/BPAP-NTB/20142015